|
|
|
|
| LEADER |
00000nam a22000007a 4500 |
| 005 |
2018041401511.0 |
| 007 |
cr|||| |||| |
| 008 |
180414s2018 mx |||||s|||| 00||0 spa d |
| 020 |
|
|
|a 978-607-541-006-7
|
| 035 |
|
|
|a 21342
|
| 040 |
|
|
|a vLex
|
| 090 |
|
|
|c 7760
|d 7760
|
| 100 |
1 |
|
|a Luna Guerra, Antonio
|
| 245 |
1 |
0 |
|a Estudio practico del rǧimen fiscal de dividendos pagados por personas morales 2018
|h [Recurso electrn̤ico] /
|c Antonio Luna Guerra
|
| 256 |
|
|
|a Servicio en ln̕ea
|
| 260 |
|
|
|a Ciudad de Mx̌ico:
|b Ediciones Fiscales ISEF,
|c 2018
|
| 300 |
|
|
|a 1 recurso electrn̤ico
|
| 500 |
|
|
|a Conozca lo ms̀ importante en materia de DIVIDENDOS con esta magnf̕ica obra que muestra la aplicacin̤ de la Ley del ISR en materia de Dividendos y Utilidades, incluyendo la Asociacin̤ en Participacin̤ correspondiente al ejercicio 2018. En los l︢timos aǫs se pretenden aplicar nuevos gravm̀enes sobre actividades anteriormente exentas o no alcanzadas por el SAT, que aplica tambiň sobre los dividendos del ejercicio 2018.
|
| 506 |
1 |
|
|a Disponible solo en los productos indicados
|d vLex Global
|d vLex Global (Academic Edition, excluding Law Schools)
|d vLex Global (U.S. Academic Edition, Law Schools)
|d vLex Global (U.S. Academic Edition, excluding Law Schools)
|d vLex Global (Academic Edition, Law Schools)
|
| 650 |
0 |
4 |
|a Derecho Fiscal
|z Mx̌ico
|
| 740 |
0 |
|
|a vLex Libros (Servicio en ln̕ea)
|
| 856 |
4 |
0 |
|u http://vlex.com/source/estudio-practico-del-regimen-fiscal-de-dividendos-pagados-por-personas-morales-2018-21342
|z Acceso restringido
|
| 942 |
|
|
|c BOOK
|
| 999 |
0 |
|
|a Tax Law
|